000 00673nam a2200193 i 4500
001 65258
003 ES-MaACL
005 20230906165332.0
007 t|
008 040109s1981 sp ||||1| spa d
100 1 _aFranco Arias, Froilán.
_952239
245 1 3 _aEl vocabulario político de algunos periódicos de México D.F. desde 1930 hasta 1940
_b: (introducción) : estudio de lexicología /
_cFroilán Franco Arias.
260 _aMadrid :
_bFundación Juan March,
_c[1981]
300 _a44 p. ;
_c21 cm.
490 1 _aSerie universitaria ;
_v148
830 0 _aSerie universitaria ;
_v148
_9180747
852 _aES-MaACL
_j2117-F-7
_bR.101570
999 _c65258
_d65258